000 00446pab a2200169 454500
008 180718b2009 xxu||||| |||| 00| 0 eng d
100 _aMalik, Sadia M.
245 _aHorizontal inequalities and violent conflict in Pakistan: is there a link?
260 _c2009
300 _ap.21-24.
362 _a22 Aug
650 _aViolence - Pakistan
650 _aViolence
773 _aEconomic and Political Weekly
908 _aN
909 _a83697
999 _c83697
_d83697